000 00571nam a2200193Ii 4500
003 JO-AjNU
008 230605s9999||||xx |||||||||||||| ||und||
040 _aJO-AjNU
_bara
_erda
_cJO-AjNU
041 _aara
050 1 4 _aPJ7852.A54.T37 1964
100 3 _aتأليف محفوظ،نجيب,
_eauthor
_919188
245 0 0 _aالطريق
264 3 1 _aبيروت:دار القلم،1964
300 _a185ص
336 _atext
_btxt
_2rdacontent
337 _aunmediated
_bn
_2rdamedia
338 _avolume
_bnc
_2rdacarrier
650 4 _aالأدب العربي - قصص
_919189
999 _aA6279
_c9847
_d9847